Prague : partie historique de la ville, monuments, culture /

Hlavní autor: Kubík, Viktor, 1970-
Další autoři: Bulva, Ladislav, 1959-
Jazyk: Francouzština
Vydáno: České Budějovice : UNIOS, 2002
Vydání: 1. éd.
Edice: GeoClub
Uniosguide
Témata:
Fyzický popis: 72 s. : barev. il., plány ; 22 cm
Knihy
Uloženo v:
LEADER 01334nam a2200385 a 4500
001 000630969
003 CZ BrMZK
005 20120329125351.0
007 ta
008 021017s2002 xr e f fre d
015 |a cnb001182552 
020 |a 80-86141-24-1 
035 |a (OCoLC)53271292 
040 |a BOA001  |b cze 
041 1 |a fre  |h cze 
043 |a e-xr---  |b e-xr-pg  |2 czenas 
072 7 |a 913(437)  |x Geografie Česka a Slovenska, reálie, cestování  |2 Konspekt  |9 7 
080 |a 908(437.311)  |2 MRF 
080 |a (036)  |2 MRF 
100 1 |a Kubík, Viktor,  |d 1970-  |7 ola20040317002  |4 aut 
245 1 0 |a Prague :  |b partie historique de la ville, monuments, culture /  |c [texte: Viktor Kubík ; photographies: Ladislav Bulva ... et al.] 
250 |a 1. éd. 
260 |a České Budějovice :  |b UNIOS,  |c 2002 
300 |a 72 s. :  |b barev. il., plány ;  |c 22 cm 
490 1 |a GeoClub 
490 1 |a Uniosguide ;  |v 5 
500 |a Přeloženo z češtiny 
655 7 |a informační publikace  |7 fd132454  |2 czenas 
651 7 |a Praha (Česko)  |7 ge118011  |x vlastivěda  |2 czenas 
700 1 |a Bulva, Ladislav,  |d 1959-  |7 ola20040317001  |4 pht 
830 0 |a GeoClub 
830 0 |a Uniosguide  |0 s 
910 |a BOA001  |b 2-1107.675 
990 |a BK 
996 6 |b 2610172288  |c 2-1107.675  |l MZK  |r Sklad / do 1 hodiny  |n 0  |p p.v.  |w 000630969  |u 000010  |a 1  |e BOA001  |j MZK50  |s P